Israel-Hamas War Quiz - Statistics

General Stats
  • This quiz has been taken 359 times
    71 since last reset
  • The average score is 10 of 15
Answer Stats
Question Answer % Correct
Place where the war is taking place {Gaza} Strip
100%
Middle Eastern country that funds terrorist groups like Hamas Iran
90%
Israeli Prime Minister Benjamin Netanyahu
87%
Lebanese militant group funded in part by the above Hezbollah
84%
Abbreviation for the Israeli military IDF
82%
Date that Hamas launched their attack October 7th
74%
Hamas hides in these structures in Gaza Tunnels
73%
Name of Israel's air defense system The Iron Dome
69%
Yemeni militant group that attacked Red Sea shipping Houthis
68%
The U.N. and several major countries have called for this Ceasefire
60%
This city on the border with Egypt has been the epicenter of the above Rafah
53%
The above's political party Likud
48%
Groups like the U.N. have stated that 500,000 people are suffering from this Famine
47%
Hamas initially took this many hostages during their initial attack 250
44%
Late world leader who had his personal vehicle converted into a mobile hospital Pope Francis
24%
No matching quizzes found
Score Distribution
Percent of People with Each Score
Percentile by Number Answered
Your Score History
You have not taken this quiz since the last reset